Warrior cats Y names - Statistics

General Stats
  • This quiz has been taken 10 times
  • The average score is 4 of 6
Answer Stats
% Correct
Yellowfang
100%
Yarrowleaf
86%
Yew
71%
Yellowstar
57%
Yew tail
57%
Yarrowflight
0%
No matching quizzes found
Score Distribution
Percent of People with Each Score
Percentile by Number Answered
Your Score History
You have not taken this quiz